[Event "Zenica"]
[White "Muratovic, Enver"]
[Black "Urosevic, Aleksandar"]
[Site "Zenica"]
[Round "4"]
[Result "1/2-1/2"]
[Date "2014.12.23"]
[WhiteElo "2247"]
[BlackElo "2266"]
[PlyCount "64"]
[EventDate "2014.12.21"]
[EventType "tourn"]
[EventRounds "9"]
[EventCountry "BIH"]
[EventCategory "6"]
[SourceTitle "CBM 164 Extra"]
[Source "ChessBase"]
[SourceDate "2015.03.02"]
[SourceVersion "1"]
[SourceVersionDate "2015.03.02"]
[SourceQuality "1"]

1. e4 c5 2. Nf3 e6 3. b3 Nc6 4. Bb2 Nf6 5. e5 Nd5 6. g3 Be7 7. c4 Nc7 8. Nc3 0-0 9. Ne4 Ne8 10. Bg2 f6 11. 0-0 Qc7 12. exf6 Nxf6 13. Nc3 a6 14. d4 cxd4 15. Nxd4 Rb8 16. Ne4 Ne5 17. Qe2 Nf7 18. Rad1 b6 19. Nc2 Nxe4 20. Bxe4 Ng5 21. Bg2 Bb7 22. Qe5 Qxe5 23. Bxe5 Bxg2 24. Kxg2 Rb7 25. Bd6 Kf7 26. Bxe7 Kxe7 27. Rfe1 Kf6 28. Ne3 Rc8 29. Rd2 a5 30. Red1 Ke7 31. Re2 g6 32. h3 Ra7 1/2-1/2

[Event "Zenica"]
[White "Sutkovic, Damir"]
[Black "Urosevic, Aleksandar"]
[Site "Zenica"]
[Round "1"]
[Result "1-0"]
[Date "2014.12.21"]
[WhiteElo "2322"]
[BlackElo "2266"]
[PlyCount "45"]
[EventDate "2014.12.21"]
[EventType "tourn"]
[EventRounds "9"]
[EventCountry "BIH"]
[EventCategory "6"]
[SourceTitle "CBM 164 Extra"]
[Source "ChessBase"]
[SourceDate "2015.03.02"]
[SourceVersion "1"]
[SourceVersionDate "2015.03.02"]
[SourceQuality "1"]

1. d4 d5 2. Nc3 Nf6 3. Bf4 Bf5 4. e3 e6 5. Bd3 c6 6. Bxf5 exf5 7. Qd3 g6 8. h4 Nbd7 9. Nge2 h5 10. f3 Be7 11. 0-0-0 Qa5 12. Kb1 b5 13. Nc1 0-0 14. Rdg1 b4 15. Nd1 c5 16. Nf2 c4 17. Qd1 Kh7 18. g4 fxg4 19. fxg4 Rfe8 20. Qf3 Bf8 21. gxh5 gxh5 22. Be5 Qb6 23. Qf5+ 1-0

[Event "Zenica 17th"]
[White "Yilmazyerli, Mert"]
[Black "Urosevic, Aleksandar"]
[Site "Zenica"]
[Round "4"]
[Result "1-0"]
[Date "2013.12.10"]
[WhiteElo "2413"]
[BlackElo "2280"]
[PlyCount "88"]
[EventDate "2013.12.08"]
[EventType "tourn"]
[EventRounds "9"]
[EventCountry "BIH"]
[EventCategory "7"]
[SourceTitle "CBM 158 Extra"]
[Source "ChessBase"]
[SourceDate "2014.02.28"]
[SourceVersion "1"]
[SourceVersionDate "2014.02.28"]
[SourceQuality "1"]

1. e4 e6 2. d4 d5 3. Nd2 c5 4. Ngf3 cxd4 5. Nxd4 Nc6 6. Bb5 Bd7 7. Nxc6 bxc6 8. Bd3 Bd6 9. Qe2 Ne7 10. Nf3 Ng6 11. e5 Bc7 12. 0-0 c5 13. c4 d4 14. Qe4 Rb8 15. Re1 Rb6 16. Qg4 Bc6 17. Be4 Bxe4 18. Qxe4 0-0 19. b3 Ra6 20. Bd2 Ba5 21. Bxa5 Qxa5 22. h4 h6 23. h5 Ne7 24. Re2 Qc7 25. Ne1 Rb6 26. Nd3 a5 27. Nb2 Rbb8 28. Rd1 Nc6 29. Rd3 Ne7 30. Rf3 Rbc8 31. Rd3 Qc6 32. Qf4 Rc7 33. g4 f6 34. Rg3 Rcc8 35. Nd3 Qc7 36. exf6 Rxf6 37. Qxc7 Rxc7 38. Re5 a4 39. Nxc5 axb3 40. axb3 Rc6 41. Rd3 Rf4 42. f3 Kf7 43. Kg2 g5 44. Ne4 Rb6 1-0

[Event "Zenica 17th"]
[White "Urosevic, Aleksandar"]
[Black "Lajthajm, Borko"]
[Site "Zenica"]
[Round "2"]
[Result "0-1"]
[Date "2013.12.09"]
[WhiteElo "2280"]
[BlackElo "2514"]
[PlyCount "105"]
[EventDate "2013.12.08"]
[EventType "tourn"]
[EventRounds "9"]
[EventCountry "BIH"]
[EventCategory "7"]
[SourceTitle "CBM 158 Extra"]
[Source "ChessBase"]
[SourceDate "2014.02.28"]
[SourceVersion "1"]
[SourceVersionDate "2014.02.28"]
[SourceQuality "1"]

1. Nf3 Nf6 2. c4 b6 3. g3 Bb7 4. Bg2 e6 5. 0-0 Be7 6. Nc3 0-0 7. Re1 d6 8. e4 Nbd7 9. d4 Rb8 10. Bf4 Nh5 11. Be3 g6 12. Bh6 Ng7 13. Qc2 a6 14. Rad1 Qc8 15. e5 dxe5 16. dxe5 Rd8 17. Ne4 Nf5 18. Bg5 Bxe4 19. Qxe4 Nc5 20. Qb1 Bxg5 21. Nxg5 a5 22. Nf3 Rxd1 23. Rxd1 Qe8 24. g4 Ne7 25. Nd4 Rd8 26. Nb3 Rxd1+ 27. Qxd1 Qd7 28. Nd4 Na6 29. Qd2 c5 30. Nf3 Qxd2 31. Nxd2 Nb4 32. Be4 Nxa2 33. f4 h6 34. h4 Nb4 35. Kf2 Kg7 36. Ke3 h5 37. gxh5 gxh5 38. Nb1 Na2 39. Na3 Nb4 40. Nb5 Na6 41. Nd6 Nc7 42. Bf3 Kg6 43. Be4+ f5 44. exf6+ Kxf6 45. Bf3 Ng6 46. Bxh5 Nxh4 47. Ke4 Nf5 48. Nxf5 exf5+ 49. Ke3 Ne6 50. Bd1 Ke7 51. Bh5 Ng7 52. Bd1 Ne6 53. Kf3 0-1

[Event "Zenica op"]
[White "Urosevic, Aleksandar"]
[Black "Burovic, Rijad"]
[Site "Zenica"]
[Round "7"]
[Result "1-0"]
[Date "2013.09.08"]
[WhiteElo "2285"]
[BlackElo "1930"]
[PlyCount "49"]
[EventDate "2013.09.05"]
[EventType "swiss"]
[EventRounds "7"]
[EventCountry "BIH"]
[SourceTitle "CBM 156 Extra"]
[Source "ChessBase"]
[SourceDate "2013.10.22"]
[SourceVersion "1"]
[SourceVersionDate "2013.10.22"]
[SourceQuality "1"]

1. d4 Nf6 2. c4 d6 3. Nc3 g6 4. e4 Bg7 5. Nf3 0-0 6. Be2 Nbd7 7. 0-0 e5 8. Re1 c6 9. Bf1 exd4 10. Nxd4 Nc5 11. Nb3 Nxb3 12. Qxb3 Re8 13. Bg5 h6 14. Bf4 g5 15. Bd2 Qc7 16. Rad1 Ng4 17. h3 Ne5 18. Ne2 a6 19. a4 Rb8 20. Ng3 Be6 21. Qc2 c5 22. Nh5 Bh8 23. Be3 g4 24. Qd2 Kh7 25. f3 1-0

[Event "Zenica op"]
[White "Urosevic, Aleksandar"]
[Black "Terzic, Safet"]
[Site "Zenica"]
[Round "3"]
[Result "1/2-1/2"]
[Date "2013.09.06"]
[WhiteElo "2285"]
[BlackElo "2239"]
[PlyCount "90"]
[EventDate "2013.09.05"]
[EventType "swiss"]
[EventRounds "7"]
[EventCountry "BIH"]
[SourceTitle "CBM 156 Extra"]
[Source "ChessBase"]
[SourceDate "2013.10.22"]
[SourceVersion "1"]
[SourceVersionDate "2013.10.22"]
[SourceQuality "1"]

1. d4 Nf6 2. c4 g6 3. Nc3 Bg7 4. e4 d6 5. Nf3 0-0 6. Be2 Nbd7 7. 0-0 e5 8. Re1 exd4 9. Nxd4 Nc5 10. Bf1 Re8 11. f3 a5 12. Kh1 c6 13. Be3 Qc7 14. Qc2 h6 15. Rad1 Bd7 16. Nb3 Ne6 17. Qd2 a4 18. Nc1 a3 19. b3 Qa5 20. N1e2 Kh7 21. Qxd6 Bf8 22. Qd2 Bb4 23. Rc1 Rad8 24. Red1 Bc8 25. Qc2 Nd7 26. Nf4 Ndc5 27. Nce2 Nxf4 28. Nxf4 f5 29. Rxd8 Qxd8 30. Nd3 Na6 31. Rd1 Qe7 32. e5 Be6 33. f4 Rd8 34. Be2 Qc7 35. h3 Rd7 36. Qc1 Qd8 37. Kg1 Kg7 38. Nxb4 Rxd1+ 39. Qxd1 Qxd1+ 40. Bxd1 Nxb4 41. Bc1 Nxa2 42. Bxa3 Nc3 43. Bf3 g5 44. Bb2 Ne4 45. Bc1 gxf4 1/2-1/2

[Event "BIH-chT"]
[White "Bilic, Vladimir"]
[Black "Urosevic, Aleksandar"]
[Site "Neum"]
[Round "5.4"]
[Result "1/2-1/2"]
[Date "2011.06.08"]
[WhiteElo "2307"]
[BlackElo "2285"]
[PlyCount "34"]
[EventDate "2011.06.04"]
[EventType "team-tourn"]
[EventRounds "9"]
[EventCountry "BIH"]
[SourceTitle "CBM 142 Extra"]
[Source "ChessBase"]
[SourceDate "2011.06.27"]
[SourceVersion "1"]
[SourceVersionDate "2011.06.27"]
[SourceQuality "1"]
[WhiteTeam "Sokolac"]
[BlackTeam "Zenica"]
[WhiteTeamCountry "BIH"]
[BlackTeamCountry "BIH"]

1. e4 c5 2. Nf3 d6 3. d4 cxd4 4. Nxd4 Nf6 5. Nc3 a6 6. h3 b5 7. g4 Bb7 8. Bg2 e6 9. a3 Be7 10. 0-0 Qc7 11. f4 Nc6 12. Be3 Nd7 13. Nce2 Nc5 14. Nc3 Na5 15. Bf2 Nc4 16. b3 Nb6 17. g5 Ncd7 1/2-1/2

[Event "Bosnjaci op 16th"]
[White "Muskardin, Mario"]
[Black "Urosevic, Aleksandar"]
[Site "Bosnjaci"]
[Round "7"]
[Result "1-0"]
[Date "2011.01.07"]
[WhiteElo "2181"]
[BlackElo "2281"]
[PlyCount "45"]
[EventDate "2011.01.03"]
[EventType "swiss"]
[EventRounds "9"]
[EventCountry "CRO"]
[SourceTitle "CBM 140 Extra"]
[Source "ChessBase"]
[SourceDate "2011.03.01"]
[SourceVersion "1"]
[SourceVersionDate "2011.03.01"]
[SourceQuality "1"]

1. d4 d5 2. c4 c6 3. Nc3 Nf6 4. Nf3 e6 5. e3 Nbd7 6. Bd3 dxc4 7. Bxc4 b5 8. Bd3 Bb7 9. 0-0 b4 10. Na4 c5 11. dxc5 Nxc5 12. Bb5+ Ncd7 13. Ne5 Qc7 14. Qd4 Bd6 15. Nxd7 Nxd7 16. Rd1 Bxh2+ 17. Kh1 0-0 18. Qxd7 Rfd8 19. Qxc7 Bxc7 20. Bd2 Rd5 21. Be2 Rg5 22. Bf3 Bxf3 23. gxf3 1-0

[Event "Bosnjaci op 16th"]
[White "Hodak, Stevo"]
[Black "Urosevic, Aleksandar"]
[Site "Bosnjaci"]
[Round "5"]
[Result "1/2-1/2"]
[Date "2011.01.06"]
[WhiteElo "2169"]
[BlackElo "2281"]
[PlyCount "97"]
[EventDate "2011.01.03"]
[EventType "swiss"]
[EventRounds "9"]
[EventCountry "CRO"]
[SourceTitle "CBM 140 Extra"]
[Source "ChessBase"]
[SourceDate "2011.03.01"]
[SourceVersion "1"]
[SourceVersionDate "2011.03.01"]
[SourceQuality "1"]

1. e4 c5 2. Nf3 b6 3. d4 cxd4 4. Nxd4 Bb7 5. Bd3 e6 6. 0-0 Nc6 7. Nxc6 Bxc6 8. Nc3 Ne7 9. Bg5 Qb8 10. Bxe7 Bxe7 11. Qe2 Bf6 12. Nd1 Be5 13. h3 0-0 14. Bb5 Rd8 15. Bxc6 dxc6 16. c3 b5 17. Ne3 Qc7 18. Rad1 Bf4 19. Rxd8+ Rxd8 20. Rd1 Rxd1+ 21. Nxd1 g6 22. g3 Be5 23. Qd3 Qd6 24. Qxd6 Bxd6 25. Kf1 f5 26. exf5 exf5 27. Ke2 Kf7 28. Kd3 Ke6 29. b3 Bc5 30. a4 Ke5 31. f4+ Kd5 32. c4+ bxc4+ 33. bxc4+ Kd6 34. g4 fxg4 35. hxg4 h5 36. f5 hxg4 37. fxg6 Ke6 38. Ke4 Bd6 39. Ne3 g3 40. Kf3 Kf6 41. g7 Kf7 42. Nf5 Bc7 43. Ne7 Kxg7 44. Nxc6 a6 45. Nb4 a5 46. Na6 Be5 47. Nc5 Kf7 48. Nb3 Bc7 49. Nxa5 1/2-1/2

[Event "Bosnjaci op 16th"]
[White "Blazeka, Matej"]
[Black "Urosevic, Aleksandar"]
[Site "Bosnjaci"]
[Round "3"]
[Result "0-1"]
[Date "2011.01.04"]
[WhiteElo "2123"]
[BlackElo "2281"]
[PlyCount "92"]
[EventDate "2011.01.03"]
[EventType "swiss"]
[EventRounds "9"]
[EventCountry "CRO"]
[SourceTitle "CBM 140 Extra"]
[Source "ChessBase"]
[SourceDate "2011.03.01"]
[SourceVersion "1"]
[SourceVersionDate "2011.03.01"]
[SourceQuality "1"]

1. e4 c5 2. Nf3 Nc6 3. d4 cxd4 4. Nxd4 Nf6 5. Nc3 e5 6. Ndb5 d6 7. Nd5 Nxd5 8. exd5 Nb8 9. c4 a6 10. Nc3 Be7 11. Bd3 0-0 12. Be3 f5 13. f3 Bh4+ 14. g3 Bg5 15. Bxg5 Qxg5 16. Qd2 Qh5 17. 0-0 Nd7 18. f4 exf4 19. gxf4 Nf6 20. Be2 Ng4 21. Bxg4 fxg4 22. Ne4 Qg6 23. Rae1 Bf5 24. Qd4 h6 25. Re3 Rae8 26. Rfe1 Kh7 27. Ng3 Rxe3 28. Rxe3 Rf7 29. b4 Bb1 30. Re6 Qc2 31. Qe4+ Qxe4 32. Nxe4 Rxf4 33. Nxd6 Bxa2 34. Re4 Rxe4 35. Nxe4 Bxc4 36. d6 Bb5 37. Nc5 b6 38. d7 Bxd7 39. Nxd7 a5 40. bxa5 bxa5 41. Nc5 h5 42. Kf2 h4 43. Ke3 g5 44. Ke4 Kg6 45. Na4 h3 46. Ke3 g3 0-1

[Event "BIH-chT1"]
[White "Terzic, Safet"]
[Black "Urosevic, Aleksandar"]
[Site "Tuzla"]
[Round "7"]
[Result "1/2-1/2"]
[Date "2010.07.22"]
[WhiteElo "2239"]
[BlackElo "2259"]
[PlyCount "20"]
[EventDate "2010.07.18"]
[EventType "team-swiss"]
[EventRounds "9"]
[EventCountry "BIH"]
[SourceTitle "CBM 137 Extra"]
[Source "ChessBase"]
[SourceDate "2010.09.01"]
[SourceVersion "1"]
[SourceVersionDate "2010.09.01"]
[SourceQuality "1"]

1. d4 d5 2. Nf3 Nf6 3. Bf4 c6 4. e3 Qb6 5. Qc1 Bf5 6. c3 Nbd7 7. Nbd2 h6 8. h3 e6 9. Be2 Be7 10. 0-0 0-0 1/2-1/2

[Event "BIH-chT1"]
[White "Urosevic, Aleksandar"]
[Black "Goric, Esad"]
[Site "Tuzla"]
[Round "2"]
[Result "1/2-1/2"]
[Date "2010.07.19"]
[WhiteElo "2259"]
[BlackElo "2365"]
[PlyCount "105"]
[EventDate "2010.07.18"]
[EventType "team-swiss"]
[EventRounds "9"]
[EventCountry "BIH"]
[SourceTitle "CBM 137 Extra"]
[Source "ChessBase"]
[SourceDate "2010.09.01"]
[SourceVersion "1"]
[SourceVersionDate "2010.09.01"]
[SourceQuality "1"]

1. d4 Nf6 2. Nf3 d6 3. c4 Nbd7 4. Nc3 e5 5. e4 Be7 6. Be2 0-0 7. 0-0 c6 8. d5 c5 9. Ne1 Re8 10. Nd3 Nf8 11. Be3 Ng6 12. a3 b6 13. b4 Bd7 14. Rb1 Qc7 15. Qd2 a6 16. f3 h6 17. Rb2 Nh7 18. Rfb1 Rab8 19. bxc5 bxc5 20. Bd1 Nhf8 21. Ba4 Bxa4 22. Nxa4 Nd7 23. Nc1 Rxb2 24. Rxb2 Rc8 25. Qc3 Bd8 26. Bd2 Rb8 27. g3 Ne7 28. Rxb8 Qxb8 29. Qb2 Qc8 30. Nb3 f5 31. Qc2 fxe4 32. Qxe4 Nf6 33. Qd3 Nf5 34. Kg2 Qd7 35. Nc3 Nd4 36. Ne4 Nxe4 37. fxe4 Qa4 38. Nxd4 cxd4 39. Bb4 Be7 40. h4 a5 41. Be1 Bd8 42. Kh3 Bb6 43. Qb1 Qd7+ 44. Kg2 Bc5 45. Bxa5 Bxa3 46. Qb8+ Kh7 47. Qb3 Bc5 48. Qf3 Kg8 49. Be1 Qc8 50. h5 Qa8 51. Kh3 Qc8+ 52. g4 Qa8 53. Bd2 1/2-1/2

[Event "BIH-chT1"]
[White "Trkulja, Goran"]
[Black "Urosevic, Aleksandar"]
[Site "Tuzla"]
[Round "1"]
[Result "1/2-1/2"]
[Date "2010.07.18"]
[WhiteElo "2352"]
[BlackElo "2259"]
[PlyCount "38"]
[EventDate "2010.07.18"]
[EventType "team-swiss"]
[EventRounds "9"]
[EventCountry "BIH"]
[SourceTitle "CBM 137 Extra"]
[Source "ChessBase"]
[SourceDate "2010.09.01"]
[SourceVersion "1"]
[SourceVersionDate "2010.09.01"]
[SourceQuality "1"]

1. c4 e6 2. g3 d5 3. Bg2 Nf6 4. Nf3 Be7 5. 0-0 0-0 6. b3 Nbd7 7. d3 b6 8. Bb2 Bb7 9. Nbd2 c5 10. cxd5 exd5 11. d4 Re8 12. Nh4 Qc7 13. Nf5 Bf8 14. dxc5 bxc5 15. Rc1 Rad8 16. Re1 Qb6 17. e3 g6 18. Nh4 Bg7 19. Qc2 Rc8 1/2-1/2

[Event "BIH-chT 9th"]
[White "Urosevic, Aleksandar"]
[Black "Stojanovic, Dalibor"]
[Site "Bihac"]
[Round "1"]
[Result "1/2-1/2"]
[Date "2010.06.05"]
[WhiteElo "2240"]
[BlackElo "2481"]
[PlyCount "66"]
[EventDate "2010.06.05"]
[EventType "team-tourn"]
[EventRounds "9"]
[EventCountry "BIH"]
[SourceTitle "EXT 2019"]
[Source "ChessBase"]
[SourceDate "2018.10.10"]
[SourceVersion "1"]
[SourceVersionDate "2018.10.10"]
[SourceQuality "1"]
[WhiteTeam "Zenica Celik"]
[BlackTeam "Sarajevo Bosna"]
[WhiteTeamCountry "BIH"]
[BlackTeamCountry "BIH"]

1. Nf3 Nf6 2. e3 g6 3. b4 Bg7 4. Bb2 0-0 5. Be2 c6 6. c4 a5 7. b5 cxb5 8. cxb5 d6 9. a4 Nbd7 10. 0-0 Nb6 11. Na3 Nfd5 12. Bxg7 Kxg7 13. Nc4 Nxc4 14. Bxc4 Nb6 15. Bb3 e5 16. d4 Qe7 17. Rc1 Bg4 18. h3 Bxf3 19. Qxf3 Rfc8 20. Qe4 f6 21. dxe5 dxe5 22. f4 Rxc1 23. Rxc1 Rc8 24. Rxc8 Nxc8 25. fxe5 fxe5 26. Qc4 Nd6 27. Qc5 Nf5 28. Qxe7+ Nxe7 29. Kf2 Kf6 30. Kf3 h5 31. Ke4 h4 32. Ba2 Nf5 33. Bb3 Ne7 1/2-1/2

[Event "BIH-chT1"]
[White "Urosevic, Aleksandar"]
[Black "Lugavic, Alija"]
[Site "Neum"]
[Round "1.3"]
[Result "1/2-1/2"]
[Date "2008.08.23"]
[WhiteElo "2167"]
[BlackElo "2072"]
[PlyCount "103"]
[EventDate "2008.08.23"]
[EventType "team-tourn"]
[EventRounds "9"]
[EventCountry "BIH"]
[SourceTitle "CBM 126 Extra"]
[Source "ChessBase"]
[SourceDate "2008.11.05"]
[SourceVersion "1"]
[SourceVersionDate "2008.11.05"]
[SourceQuality "1"]

1. Nf3 Nf6 2. d4 g6 3. c4 Bg7 4. Nc3 0-0 5. e4 d6 6. Be2 Nc6 7. d5 Nb8 8. 0-0 Bg4 9. Be3 Nbd7 10. Nd4 Bxe2 11. Qxe2 a6 12. b4 a5 13. a3 Nh5 14. Rac1 Nf4 15. Qd2 e5 16. Nde2 Nh5 17. c5 axb4 18. axb4 f5 19. f3 Qe7 20. Nb5 fxe4 21. fxe4 Rxf1+ 22. Rxf1 Ndf6 23. Nec3 Qd7 24. Qe2 Nf4 25. Bxf4 exf4 26. Rxf4 Kh8 27. Qf1 Qe7 28. cxd6 cxd6 29. Qc4 Qe5 30. g3 Nh5 31. Rf3 Qg5 32. Kg2 Be5 33. Qf1 Kg8 34. Nc7 Qd2+ 35. Rf2 Qxc3 36. Nxa8 Bxg3 37. hxg3 Qxg3+ 38. Kh1 Qh4+ 39. Kg1 Ng3 40. Qg2 Nxe4 41. Rf1 Ng5 42. Rd1 Nh3+ 43. Kf1 Qf4+ 44. Ke1 Qxb4+ 45. Qd2 Qe4+ 46. Qe2 Qh1+ 47. Kd2 Qxd5+ 48. Kc1 Qc5+ 49. Kb1 Ng5 50. Qg4 Nf7 51. Qg3 Qf5+ 52. Kc1 1/2-1/2